000 00961nam a22001937a 4500
003 BR-ViAPE
005 20260417160921.0
008 260417s1958 por gs||||s000 0 por d
040 _cBR-ViAPE
110 _aEspírito Santo
_bEstado
245 _aDepartamento de Imprensa relatório e balanço geral exercício de 1957 apresentado ao Exmo. Sr. Secretario do Interior e Justiça pelo Sr. Diretor Geral do Departamento de Imprensa Oficial do estado em 15 de fevereiro de 1958
260 _aVitória
_b[s.n.]
_c1958
300 _a37 p.
_bDocumento digitalizado (PDF)
500 _aDocumento digitalizado do acervo institucional do Arquivo Público do Estado do Espírito Santo - APEES.
650 _xAdministração pública
_zEspírito Santo
651 _aEspírito Santo
_xRelatórios governamentais
856 _uhttps://ape.es.gov.br/Media/ape/PDF/Relatorios/1952/relatorio5%20-%20ano%201958.pdf
_yCLIQUE AQUI PARA ACESSAR O DOCUMENTO
942 _2ddc
_cMSGREL
_n1
999 _c526
_d526